| 000 | 00753cad a22002055a 4500 | ||
|---|---|---|---|
| 001 | E150278 | ||
| 008 | 100824s2010 xxk f 000 0 eng d | ||
| 020 | _a9781409824633 | ||
| 035 | _a(Sirsi) u150728 | ||
| 041 | 0 | _aeng | |
| 110 | 2 |
_aBuilding Regulations Advisory Committee _9176 |
|
| 245 | 0 | 0 |
_aAnnual report 2009 _h[electronic resource] |
| 260 |
_a[London] _bDCLG _c2010 |
||
| 520 | _aReviews the advisory work carried out by the Building Regulations Advisory Committee in 2009. | ||
| 590 | _aKA | ||
| 651 | 4 |
_aEngland and Wales _y1543- |
|
| 690 |
_aBuilding regulations _96224 |
||
| 856 | 4 | 0 |
_uhttps://www.communities.gov.uk/publications/planningandbuilding/brac2009 _zView the annual report free of charge at www.communities.gov.uk |
| 942 | _n0 | ||
| 999 |
_c110959 _d110959 |
||